书目信息 |
| 题名: |
电子产品工艺实训
|
|
| 作者: | 吴劲松 , 周鑫 主编 | |
| 分册: | ||
| 出版信息: | 北京 电子工业出版社 2016.8 |
|
| 页数: | 10,278页 | |
| 开本: | 26cm | |
| 丛书名: | ||
| 单 册: | ||
| 中图分类: | TN05 | |
| 科图分类: | ||
| 主题词: | 电子产品--生产工艺--高等职业教育--教材 | |
| 电子资源: | ||
| ISBN: | 978-7-121-26514-3 | |
| 000 | 00926nam0 2200265 450 | |
| 001 | 0400005902 | |
| 005 | 20171113091927.28 | |
| 010 | @a978-7-121-26514-3@dCNY42.00 | |
| 100 | @a20160906d2016 em y0chiy50 ea | |
| 101 | 0 | @achi |
| 102 | @aCN@b110000 | |
| 105 | @aa z 000yy | |
| 106 | @ar | |
| 200 | 1 | @a电子产品工艺实训@Adian zi chan pin gong yi shi xun@f吴劲松,周鑫主编 |
| 205 | @a第2版 | |
| 210 | @a北京@c电子工业出版社@d2016.8 | |
| 215 | @a10,278页@c图@d26cm | |
| 300 | @a全国高等职业教育“十二五”规划教材 全国高等院校规划教材·精品与示范系列 | |
| 330 | @a本书主要内容包括电子元件、电子器件的识别与检测,集成电路的分类、应用及检测,手工焊接技术,电子产品装调等方面的技能训练方法。 | |
| 606 | 0 | @a电子产品@x生产工艺@x高等职业教育@j教材 |
| 690 | @aTN05@v5 | |
| 701 | 0 | @a吴劲松@Awu jin song@4主编 |
| 701 | 0 | @a周鑫@Azhou xin@4主编 |
| 801 | 0 | @aCN@b上海新华@c20171031 |
| 905 | @b1023484-8@dTN05@e147=2@f5 | |
| 电子产品工艺实训/吴劲松,周鑫主编.-第2版.-北京:电子工业出版社,2016.8 |
| 10,278页:图;26cm |
| 全国高等职业教育“十二五”规划教材 全国高等院校规划教材·精品与示范系列 |
| ISBN 978-7-121-26514-3:CNY42.00 |
| 本书主要内容包括电子元件、电子器件的识别与检测,集成电路的分类、应用及检测,手工焊接技术,电子产品装调等方面的技能训练方法。 |
| ● |
| 相关链接 |
|
|
|
|
正题名:电子产品工艺实训
索取号:TN05/147=2
 
预约/预借
| 序号 | 登录号 | 条形码 | 馆藏地/架位号 | 状态 | 备注 |
| 1 | 1023484 | 210234842 | 第二样本阅览室/ [索取号:TN05/147=2] | 在馆 | |
| 2 | 1023485 | 210234851 | 密集书库-物理学院/ [索取号:TN05/147=2] | 在馆 | |
| 3 | 1023486 | 210234860 | 第三借阅区/ [索取号:TN05/147=2] | 在馆 | |
| 4 | 1023487 | 210234879 | 第三借阅区/ [索取号:TN05/147=2] | 在馆 | |
| 5 | 1023488 | 210234888 | 第三借阅区/ [索取号:TN05/147=2] | 在馆 |